00777nam 22002173 4500001000700000021001700007090001100024100004100035200008500076210003100161215003300192300006400225606003100289610001800320675003000338710003700368801001800405830002900423990001100452995009600463202831 aPTb90842/95 a202831 a20260701d u||y0pory50 ba aExtensão cultural e publicaçõeseinformaçãofUniversidade dos Açores aPonta Delgada cU.A.d1995 a157, [3] p.cbrochadod24 cm aContém nota do Prof. Dr. Almeida Faria na folha de guarda 91098aEducaçãoxEnsino aUniversidade  a378.4(469.9)(05)vPTzpor 917681aUniversidade dos Açores aPTbBMMNgRPC cAna FalardofAna Falardo cLIVROS 002052026-07-01932641bBMMNf32352k378.4 INF|SAFo0rLIVROSuAcesso CondicionadosOferta